000 00661nam a2200229Ia 4500
003 GCL
008 140319s9999 xx 000 0 ara d
040 _aGCL /
_cGCL
082 0 4 _a131.32
_bم ف
100 1 _aموروا , اندرية
245 1 0 _aفن الحياة /
_cموروا , اندرية
260 _a[S.N] :
_bالمؤسسة العربية الحديثة
490 _aكتابى
_v0
650 0 4 _aعلم النبات
650 0 4 _aعلم النفس
650 0 4 _aالزواج
650 0 4 _aالحياة
650 0 4 _aالصداقة
650 0 4 _aالعلاقات الاجتماعية
650 0 4 _aالاسترخاء
942 _2ddc
_cBK
999 _c35243
_d35243